00751naa a2200157 i 45000010005000000030009000050050017000140080041000310400026000721000133000982450067002316500016002986550030003147110042003447730207003868682KOSZ 00520180227091216.0180226s2000 gw |||f| ||||1|| ||eng d cKOSZ 005aKOSZ 005/HR1 aSUSHCH, Volodymyr.d1997 - .bPolitechnika Koszalińska - Wydział Budownictwa i Inżynierii Środowiska,cKatedra Matematyki10aOn discrete models of the wave equations / cVolodymyr Sushch. 0aMatematyka. 0aMateriały konferencyjne.22aEquadiff'99d(1999 ;cBerlin, Niemcy)0 iW :tInternational Conference on Differential Equations, Berlin, Germany, 1-7 August 1999 / ed. by Bernold Fiedler [et al.].dSingapore : World Scientific, 2000. -gVol. 1, s. 354 – 356z9789810243593